| 000 | 00751cam a2200229 a 4500 | ||
|---|---|---|---|
| 001 | 14282215 | ||
| 005 | 20260313153435.0 | ||
| 008 | 050815s2005 enka b 000 0 eng d | ||
| 020 | _a1853396095 | ||
| 020 | _a9781853396090 | ||
| 020 | _a9781853396571 | ||
| 050 | 0 | 0 |
_aHT169.5 _b.H35 2005 |
| 082 | 0 | 0 |
_a307.1216091724 _222 |
| 100 | 1 | _aHamdi, Nabeel. | |
| 245 | 1 | 0 |
_aPartnerships in urban planning : _ba guide for municipalities / _cNabeel Hamdi and Michael Majale. |
| 260 |
_a[London] : _bITDG, _c[2005] |
||
| 300 |
_avii, 55 p. : _bill. ; _c25 cm. + _e1 CD-ROM (4 3/4 in.) |
||
| 650 | 0 |
_aCity planning _zDeveloping countries. |
|
| 650 | 0 |
_aSustainable development _zDeveloping countries. |
|
| 700 | 1 |
_aMajale, Michael, _d1958- |
|
| 942 |
_2lcc _cBK _n0 |
||
| 999 |
_c9031 _d9031 |
||